000 00495cam a22001812 4500
001 0000008769
005 20151217160117.0
008 080529s xx 000 0 eng d
020 _a1405063092 :
_cKES 135
040 _aKABU
_cKABU
100 1 _aWinkler, Gisela.
_@0000159468
245 1 0 _aWe can cook! /
_cGisela Winkler.
260 _aOxford :
_bMacmillan Education,
_c2005.
300 _a16 p.
908 _a080529
950 _@1
999 _c14407
_d14407